Codigo de comercio de la Republica Argentina : (Registro nro. 68338)
[ vista simple ]
| 000 -CABECERA | |
|---|---|
| campo de control de longitud fija | 00796cam a22002532u 4500 |
| 001 - NÚMERO DE CONTROL | |
| campo de control | LIBRI-016966 |
| 003 - IDENTIFICADOR DEL NÚMERO DE CONTROL | |
| campo de control | AR-CrUNPB |
| 007 - CAMPO FIJO DE DESCRIPCIÓN FÍSICA--INFORMACIÓN GENERAL | |
| campo de control de longitud fija | ta |
| 008 - DATOS DE LONGITUD FIJA--INFORMACIÓN GENERAL | |
| campo de control de longitud fija | 170901s2003 ag r 000 0 spa d |
| 020 ## - NÚMERO INTERNACIONAL ESTÁNDAR DEL LIBRO | |
| Número Internacional Estándar del Libro | 9505279310 |
| 040 ## - FUENTE DE LA CATALOGACIÓN | |
| Centro catalogador/agencia de origen | AR-CrUNPB |
| 082 0# - NÚMERO DE LA CLASIFICACIÓN DECIMAL DEWEY | |
| Número de clasificación | D347.982/A.29-8 |
| Número de edición | 20 |
| 245 00 - MENCIÓN DE TÍTULO | |
| Título | Codigo de comercio de la Republica Argentina : |
| Resto del título | y legislacion complementaria / |
| Mención de responsabilidad, etc. | Adolfo A N Rouillon |
| 255 ## - DATOS MATEMÁTICOS CARTOGRÁFICOS | |
| Mención de escala | 7.982 |
| 260 ## - PUBLICACIÓN, DISTRIBUCIÓN, ETC. (PIE DE IMPRENTA) | |
| Lugar de publicación, distribución, etc. | Buenos Aires : |
| Nombre del editor, distribuidor, etc. | La Ley, |
| Fecha de publicación, distribución, etc. | 2003 |
| 300 ## - DESCRIPCIÓN FÍSICA | |
| Extensión | 1226 p |
| 500 ## - NOTA GENERAL | |
| Nota general | Actualizado por la Redaccion Anales de Legislacion Argentina |
| 590 ## - NOTA LOCAL (RLIN) | |
| Nota local | Registros migrados a formato MARC |
| 650 #7 - PUNTO DE ACCESO ADICIONAL DE MATERIA--TÉRMINO DE MATERIA | |
| Término de materia o nombre geográfico como elemento inicial | DERECHO COMERCIAL |
| Fuente del encabezamiento o término | |
| 9 (RLIN) | 2528 |
| 650 #7 - PUNTO DE ACCESO ADICIONAL DE MATERIA--TÉRMINO DE MATERIA | |
| Término de materia o nombre geográfico como elemento inicial | CODIGOS |
| Fuente del encabezamiento o término | Unescot |
| 9 (RLIN) | 2076 |
| 700 1# - PUNTO DE ACCESO ADICIONAL--NOMBRE DE PERSONA | |
| Nombre de persona | Rouillon, Adolfo A. N. |
| Término indicativo de función/relación | comp. |
| 9 (RLIN) | 9846 |
| 710 2# - PUNTO DE ACCESO ADICIONAL--NOMBRE DE ENTIDAD CORPORATIVA | |
| Nombre de entidad corporativa o nombre de jurisdicción como elemento de entrada | Argentina. |
| Unidad subordinada | [Codigo de comercio] |
| 942 ## - ELEMENTOS DE PUNTO DE ACCESO ADICIONAL (KOHA) | |
| Tipo de ítem Koha | Libros |
| Estado de retiro | Estado de pérdida | Estado dañado | No para préstamo | Localización permanente | Ubicación/localización actual | Fecha de adquisición | Total de préstamos | Signatura topográfica completa | Código de barras | Fecha visto por última vez | Precio válido a partir de | Tipo de ítem Koha |
|---|---|---|---|---|---|---|---|---|---|---|---|---|
| En estantería | Presente | Para el préstamo | Com. Rivadavia: Biblioteca Central "Dr. Eduardo Musacchio" | Com. Rivadavia: Biblioteca Central "Dr. Eduardo Musacchio" | 27/09/2017 | D347.982/A.29-8 | C39836 | 27/09/2017 | 27/09/2017 | Libros |